000 00762cab a22001935a 4500
001 L149042
008 091216s2009 xxk 000 0 eng d
035 _a(Sirsi) u149042
041 0 _aeng
100 1 _aPilkington, Lisa
245 0 0 _aFocus
_bGlasgow
260 _c2009
490 _aEstates Gazette
_v(0947) 28 November 2009, 107-121(11)
520 _aThe Glasgow office market is booming with new companies relocating to the city; the Glasgow Airport Rail Link has been cancelled in pending cuts; a review of Glasgow Council's retail development policy; and the Glaswegian industrial sector is still suffering from the downturn.
590 _aKA
651 4 _aGlasgow
690 _aPROPERTY-COMMERCIAL PROPERTY-COMMERCIAL PROPERTY MARKET
942 _n0
999 _c82041
_d82041